Emancipatory Social Science/ (Record no. 189570)

MARC details
000 -LEADER
fixed length control field 00569nam a22001817a 4500
005 - DATE AND TIME OF LATEST TRANSACTION
control field 20220706121558.0
010 ## - LCCN (DPL NO)
LC control number ENG-133440
020 ## - INTERNATIONAL STANDARD BOOK NUMBER
International Standard Book Number 9789383657322
Terms of availability 25.00
035 ## - SYSTEM CONTROL NUMBER
System control number EN-116972
037 ## - SOURCE OF ACQUISITION
Source of stock number/acquisition DBAD/PUB
082 ## - DEWEY DECIMAL CLASSIFICATION NUMBER
Classification number 303.484
100 ## - MAIN ENTRY--PERSONAL NAME
Personal name Wright, Eric Olin
245 ## - TITLE STATEMENT
Title Emancipatory Social Science/
Statement of responsibility, etc Eric Olin Wright
260 ## - PUBLICATION, DISTRIBUTION, ETC. (IMPRINT)
Place of publication, distribution, etc New Delhi
Name of publisher, distributor, etc Critical Quest
Date of publication, distribution, etc 2017
270 ## - ADDRESS
Address 420, G-Block, Phase VI, Aya Nagar
City New Delhi
Postal code 110047
Electronic mail address criticalquest@gmail.com
Telephone number 011-26502012
300 ## - PHYSICAL DESCRIPTION
Extent 31p.
Dimensions 22cm(pbk)
942 ## - ADDED ENTRY ELEMENTS (KOHA)
Source of classification or shelving scheme Dewey Decimal Classification
Item type English Books
Classification part 303.484
Call number suffix WRI
Holdings
Withdrawn status Lost status Not for loan Collection code Home library Current library Date acquired Source of acquisition Cost, normal purchase price Full call number Barcode Copy number Cost, replacement price Koha item type
      Non-fiction Ashok Vihar Ashok Vihar 06/07/2022 DBAD/PUB 25.00 303.484 WRI EN-116972 1 25.00 English Books

© Delhi Public Library
Hit Counter
free hit counter